Oxford advanced learner's dictionary of current English / (Record no. 24224)
[ view plain ]
| 000 -LEADER | |
|---|---|
| fixed length control field | 00784nam a2200265#a 4500 |
| 001 - CONTROL NUMBER | |
| control field | 00931 |
| 003 - CONTROL NUMBER IDENTIFIER | |
| control field | HDC |
| 007 - PHYSICAL DESCRIPTION FIXED FIELD--GENERAL INFORMATION | |
| fixed length control field | ta |
| 008 - FIXED-LENGTH DATA ELEMENTS--GENERAL INFORMATION | |
| fixed length control field | 230623s2005 xx 000 0 eng d |
| 020 ## - INTERNATIONAL STANDARD BOOK NUMBER | |
| International Standard Book Number | 9780194001168 (pbk.). |
| 040 ## - CATALOGING SOURCE | |
| Original cataloging agency | HDC |
| 050 ## - LIBRARY OF CONGRESS CALL NUMBER | |
| Classification number | ref PE 1628 |
| Item number | .H67 2005 C16 |
| 100 ## - MAIN ENTRY--PERSONAL NAME | |
| Personal name | Hornby, A. S. |
| Fuller form of name | (Albert Sydney) |
| 245 #0 - TITLE STATEMENT | |
| Title | Oxford advanced learner's dictionary of current English / |
| Statement of responsibility, etc. | A. S. Hornby |
| 250 ## - EDITION STATEMENT | |
| Edition statement | 7th ed. |
| 264 ## - PRODUCTION, PUBLICATION, DISTRIBUTION, MANUFACTURE, AND COPYRIGHT NOTICE | |
| Place of production, publication, distribution, manufacture | New York : |
| 264 ## - PRODUCTION, PUBLICATION, DISTRIBUTION, MANUFACTURE, AND COPYRIGHT NOTICE | |
| Place of production, publication, distribution, manufacture | Oxford |
| Name of producer, publisher, distributor, manufacturer | Oxford University Press, |
| Date of production, publication, distribution, manufacture, or copyright notice | 2005 |
| 300 ## - PHYSICAL DESCRIPTION | |
| Extent | various paging : |
| Other physical details | ill. ; |
| Dimensions | 23cm. + |
| Accompanying material | 1 CD-ROM (4 3/4 in.) |
| 650 ## - SUBJECT ADDED ENTRY--TOPICAL TERM | |
| Topical term or geographic name entry element | English language |
| General subdivision | Dictionaries. |
| 650 ## - SUBJECT ADDED ENTRY--TOPICAL TERM | |
| Topical term or geographic name entry element | English language |
| General subdivision | New words |
| -- | Dictionaries. |
| 942 ## - ADDED ENTRY ELEMENTS (KOHA) | |
| Source of classification or shelving scheme | Library of Congress Classification |
| 942 ## - ADDED ENTRY ELEMENTS (KOHA) | |
| Koha item type | Book |
| 942 ## - ADDED ENTRY ELEMENTS (KOHA) | |
| Call number prefix | ref PE 1628 |
| 942 ## - ADDED ENTRY ELEMENTS (KOHA) | |
| Call number suffix | .H67 2005 C16 |
| Withdrawn status | Lost status | Source of classification or shelving scheme | Damaged status | Not for loan | Collection | Home library | Current library | Shelving location | Date acquired | Total checkouts | Full call number | Date last seen | Price effective from | Koha item type |
|---|---|---|---|---|---|---|---|---|---|---|---|---|---|---|
| Library of Congress Classification | Non-fiction | Halal Development Corporation Library | Halal Development Corporation Library | Reference | 17/11/2020 | ref PE 1628 .H67 2005 C16 | 24/05/2023 | 24/05/2023 | Book |
